Impact of Environmental Policy on Sustainable Development
Pojem environmentálna politika z hľadiska európskej, štátnej a podnikovej úrovni, trvalo udržateľný rozvoj, udržateľný rast. Vplyv environmentálnej politiky na udržateľný rozvoj, nakoľko je udržateľný rozvoj želanou činnosťou v oblasti ochrany životného prostredia či už sa jedná o medzinárodnú, náro...
Guardado en:
| Autor principal: | |
|---|---|
| Formato: | Capítulo de libro |
| Lenguaje: | eslovaco |
| Materias: | |
| Etiquetas: |
Sin Etiquetas, Sea el primero en etiquetar este registro!
|
MARC
| LEADER | 00000naa$a2200000$$$4500 | ||
|---|---|---|---|
| 001 | 0281061 | ||
| 005 | 20240530070230.2 | ||
| 041 | 0 | |a slo | |
| 044 | |a CZ | ||
| 245 | 1 | 0 | |a Impact of Environmental Policy on Sustainable Development |c Brigita Boorová |
| 520 | |a Pojem environmentálna politika z hľadiska európskej, štátnej a podnikovej úrovni, trvalo udržateľný rozvoj, udržateľný rast. Vplyv environmentálnej politiky na udržateľný rozvoj, nakoľko je udržateľný rozvoj želanou činnosťou v oblasti ochrany životného prostredia či už sa jedná o medzinárodnú, národnú alebo podnikovú oblasť a tvorí základ prechodu na obehové hospodárstvo. Vízie, stratégie a ciele environmentálnej politiky ako aj spektrum nástrojov environmentálnej politiky, prostredníctvom ktorých ich štát dosahuje. | ||
| 610 | 2 | 0 | |a politika environmentálna |
| 610 | 2 | 0 | |a rozvoj trvalo udržateľný |
| 610 | 2 | 0 | |a prostredie životné |
| 610 | 2 | 0 | |a hospodárstvo obehové |
| 100 | 1 | |a Boorová, Brigita, 1979- | |